000 00850cam a22002771 4500
001 3120186
003 OSt
005 20240614111317.0
008 700802t19681969nyua b 000 0 eng
010 _a 68008716
020 _a047155359X
040 _cMUST
082 0 0 _a519
_222
100 1 _aLuenberger, David G.,
_916950
245 1 0 _aOptimization by vector space methods
_c[by] David G. Luenberger.
260 _aNew York,
_bWiley
_c[1968, c1969]
300 _axvii, 326 p.:
_billus.,
_c23 cm.
440 0 _aSeries in decision and control
_917205
504 _aBibliography: p. 312-319.
650 0 _aMathematical optimization.
_93011
650 0 _aVector spaces.
_917206
650 0 _aLinear topological spaces.
_913134
800 _aRonald A Howard
_917207
906 _a7
_bcbc
_corignew
_du
_encip
_f19
_gy-gencatlg
942 _2ddc
_cO_SHELF
999 _c8462
_d8462